000 00479nam a2200181 a 4500
005 20210219152840.0
008 991125n 000 0 spa u
035 _aUPN01000062906
222 _aCOMUNICACION EDUCATIVA SEP
245 _aAcuerdo educativo con Estados Unidos
300 _a17
362 0 _a1991 Año 8, no. 96, oct.
653 0 _aESTADOS UNIDOS DE AMERICA
653 0 _aINTERCAMBIO CULTURAL
653 0 _aMEXICO
904 _aAC
_b000717
905 _aArticulo
999 _c61909
_d61909